Statistics for Major Cities Closest to Mount Ararat on the Map

Click here to take the quiz!

General Stats

  • This quiz has been taken 292 times
  • The average score is 8 of 12

Answers on the Map

Answers color-coded by a green-red scale on the quiz's map according to % correct below.
Loading ...
 

Answer Stats

DistanceCity% Correct
480 kmBaku
97%
227 kmTbilisi
95%
726 kmKaraj (Tehran)
95%
57 kmYerevan
93%
712 kmBaghdad
87%
738 kmAleppo
72%
386 kmMosul
59%
392 kmErbil
43%
248 kmTabriz
37%
670 kmGaziantep
30%
472 kmKirkuk
29%
406 kmDiyarbakir
26%

Score Distribution

Percentile by Number Answered

Percent of People with Each Score

Your Score History

You have not taken this quiz